000 01022nac a22002891i 4500
003 EG-ScBUE
005 20250326091409.0
008 250306r20041999ii a f b 001 0 eng d
020 _a0470202629
020 _a8122411894
040 _aEG-ScBUE
_beng
_erda
_cEG-ScBUE
_dEG-ScBUE
082 0 4 _a519.2
_bBHA
_222
100 1 _aBhat, B. Ramdas,
_eauthor.
245 1 0 _aModern probability theory :
_ban introductory textbook /
_cB. Ramdas Bhat, professor of statistics, University of Botswana, Gaborone.
250 _aThird edition.
250 _aReprint edition.
264 1 _aAnsari Road, Daryaganj, New Delhi :
_bNew Age International (P) Limited, Publishers,
_c2004.
300 _axv, 328 pages :
_billustrations ;
_c25 cm
336 _2rdacontent
_atext
_btxt
337 _aunmediated
_2rdamedia
_bn
338 _avolume
_bnc
_2rdacarrier
500 _aIncludes appendix.
504 _aIncludes bibliographical references and index.
650 7 _aProbabilities.
_2BUEsh
655 _vReading book
942 _cBB
_2ddc
999 _c1295
_d1295